Karunya Rushi (Record no. 94372)
[ view plain ]
| 000 -LEADER | |
|---|---|
| fixed length control field | 00514nam a2200193Ia 4500 |
| 005 - DATE AND TIME OF LATEST TRANSACTION | |
| control field | 20230419154045.0 |
| 008 - FIXED-LENGTH DATA ELEMENTS--GENERAL INFORMATION | |
| fixed length control field | 230125s9999 xx 000 0 und d |
| 041 ## - LANGUAGE CODE | |
| Language code of text/sound track or separate title | eng |
| 082 ## - DEWEY DECIMAL CLASSIFICATION NUMBER | |
| Classification number | 920.71 |
| Item number | SHA |
| 100 ## - MAIN ENTRY--PERSONAL NAME | |
| Author | Shastri K |
| 245 ## - TITLE STATEMENT | |
| Title | Karunya Rushi |
| Remainder of title | Akatmamanavdarshan- eak punarvachan |
| 250 ## - EDITION STATEMENT | |
| Edition statement | Ed.2nd |
| 260 ## - PUBLICATION, DISTRIBUTION, ETC. | |
| Name of publisher, distributor, etc. | Vivaswan Prakashan |
| Place of publication, distribution, etc. | Nagpur |
| 300 ## - PHYSICAL DESCRIPTION | |
| Extent | 340p |
| 500 ## - GENERAL NOTE | |
| Keywords | Biography;Biography-Men |
| 650 ## - SUBJECT ADDED ENTRY--TOPICAL TERM | |
| Topical term or geographic name entry element | Biography;Biography-Men |
| 700 ## - ADDED ENTRY--PERSONAL NAME | |
| Personal name | Shastri K |
| 942 ## - ADDED ENTRY ELEMENTS (KOHA) | |
| Koha item type | Donated Book |
| Withdrawn status | Lost status | Damaged status | Not for loan | Home library | Current library | Date acquired | Vendor | Net Price | Full call number | Barcode | Date last seen | Actual Price | Bill Date | Koha item type | Original Barcode |
|---|---|---|---|---|---|---|---|---|---|---|---|---|---|---|---|
| Smt. Hiraben Nanavati Institute of Management & Research for Women | Smt. Hiraben Nanavati Institute of Management & Research for Women | 16/12/2016 | Donated Book- Outside Donar | 350.00 | 920.71 SHA DB2734 | HIMR-DB-2734 | 25/01/2023 | 350.00 | 25/01/2023 | Donated Book | DB2734 |